千葉滋賀佐賀の歌詞 - Statistics

General Stats
  • This quiz has been taken 137 times
  • The average score is 48 of 149
Answer Stats
% Correct
千葉
83%
滋賀
78%
東京
66%
大阪
64%
茨城
60%
茨城(イバルルルァキィー)
60%
チバ
59%
群馬
57%
北海道
57%
オオグンタマ
56%
広島
53%
愛知
51%
ヒョギフ
51%
福岡
50%
埼玉
50%
青森
48%
岐阜
47%
グンタマ
47%
オオグンタマの貴重な産卵シーン
47%
愛媛
46%
和歌山
46%
ヒョギフ大統領
46%
千葉滋賀
45%
トウキョウ
44%
オオサカ
44%
シガ
44%
ヒョギフ大統領の貴重な産卵シーン
44%
イバラキ
42%
奈良
41%
オオグンタマのメス
41%
都道府県
40%
長野
40%
ニッポンの
38%
高知
38%
ステキな
37%
兵庫 岐阜
37%
鳥取
36%
鹿児島
36%
群馬 埼玉
36%
フクオカ
35%
静岡
35%
チバシガサガ
34%
エヒフ
34%
チバ シガ サガ
34%
チバ シガ サガ
34%
エヒメ
33%
グンマ
33%
チバラキ
33%
ホッカイドウ
32%
ナガノ
31%
アイチ
30%
グンマ サイタマ
30%
若鶏のエヒフ
29%
ヒョウゴ ギフ
29%
ワカヤマ
28%
キョナラ
28%
愛媛 岐阜
28%
ヤマイドウ
28%
サイタマ
27%
かやま ひろし
27%
コウチ
26%
ヒョギフダイトウリョウ
26%
京都 奈良
25%
シズオカ
23%
千葉 茨城
23%
ちば あい
23%
カゴシマ
22%
チバ イバラキ
22%
キョウト ナラ
21%
全日本アマチュアヤマイドウ選手権大会
21%
ウンドウカイ
21%
ミンナデイッタ
21%
和歌山 広島
20%
タノシカッタ
20%
ニホンノシュトハ
20%
ワカドリノエヒフ
19%
オオグンタマのエヒフ
19%
山梨 北海道
18%
ヤマナシ ホッカイドウ
18%
千葉 愛知
18%
ブンカサイ
18%
オオグンタマノエヒフ
17%
ワカヤマ ヒロシマ
17%
カヤマ ヒロシ
17%
チバ アイチ
17%
チバ アイ
17%
オモイデニノコッタ
16%
チガッ
15%
ミッカレンゾク
15%
イツモココロニ
15%
やまぐち しずお
14%
シガ シガ
9%
イバールルルァキィー
7%
アオーモルルルィー
7%
ギィフゥー
7%
ヤマグチ シズオ
7%
チバ チバ シガ
7%
ナールルルァー
6%
えー、次は
6%
シガ シガ サガ
5%
以上、147名
5%
ヒルルォーシマー
4%
ゼンニホンアマチュアヤマイドウセンシュケンタイカイ
4%
ヒョギフダイトウリョウノキチョウナサンランシーン
4%
ハイ。
4%
サガ サガ シガ
4%
千葉佐賀佐賀
3%
トットーリー
2%
エフメ ギフ
1%
代表、1組
1%
シガ チバ シガ サガ
1%
No matching quizzes found
Score Distribution
Percent of People with Each Score
Percentile by Number Answered
Your Score History
You have not taken this quiz